Statistiques concernant Attraction Disneyland paris

Cliquez ici pour prendre le quiz!

Statistiques générales

  • Ce quiz a été pris 124 fois
  • Le résultat moyen est 9 sur 30

Statistiques - réponses

HintAttraction% Correct
3Big Thunder Mountain
63%
16Phantom Manor
59%
19Star wars hyperspace Mountain
59%
11It’s a small world
51%
18Star tours
51%
2Autopia
42%
24Ratatouille
42%
30The Twilight Zone Tower Of Terror
41%
23Crush’s coaster
36%
13Orbitron
34%
1Alice’ Curious Labyrinth
32%
25Rc Racer
31%
4Blanche neige et les sept nains
29%
10Indiana Jones et le temple du péril
29%
14Le pays des contes de fées
26%
15Peter pan Flight
25%
5Buzz Lightyear Laser Blast
24%
21Les voyages de Pinocchio
24%
28Les tapis volants
23%
7Le carrousel de Lancelot
22%
9Dumbo the flying Elephant
19%
6La cabane des Robinson
18%
8Casey Jr le petit train du cirque
16%
17Pirates of the Caribbean
15%
22Cars quatre Roues Rallye
13%
27Studio Tram Tour
13%
29Toy Soldier Parachute Drop
13%
20La tanière du dragon
10%
12Les mystères du nautilus
10%
26Slinky Doug Zigzag Spin
2%

Distribution des résultats

Percentile par nombre de réponses

% des personnes avec chaque résultat

Votre développement - résultats

Vous n’avez pas pris ce quiz